000 00468nam a2200157 i 4500
001 84269
003 ES-MaACL
007 t|
008 041122s1971 xxu ||||1| eng d
100 1 _aJames, L. Douglas.
_965971
245 1 0 _aEconomics of water resources planning /
_cL. Douglas James, Robert R. Lee.
260 _aNew York :
_bMcGraw-Hill,
_c[1971]
300 _aXVIII, 615 p. ;
_c24 cm.
700 1 _aLee, Robert R.
_971190
852 _aES-MaACL
_jE-5617
_bR.90027
999 _c84269
_d84269